000 00634nam a2200241 a 4500
001 nice12345678
003 IN_TiNIC
005 20260116013321.0
008 050524s1993 dela grp 000 0 eng
020 _a8185091
_c30
082 0 0 _a297.93
_bHUD
100 _aHuddleston, John
245 _aEarth Is but One Country
260 _aDelhi
_bBahai Pub.Trust
_c1993
300 _a179p
500 _aincludes index and biblioraphy
505 2 _aEnglish Rendering Muhammad Akbnar Muradpuri, Abul Aziz Kamal
650 _aBahai Faith
700 1 _aHuddleston, John
902 _bSRS
942 _cBK
999 _c10526
_d10526